000 00653nam a2200193Ia 4500
003 GCL
008 140319s9999 xx 000 0 ara d
040 _aGCL /
_cGCL
082 0 4 _a377.1
_bم ا
100 1 _aمقداد يالجن
245 1 0 _aالاخلاقيات الاسلامية الفعالة للمعلم و المتعلم و اثارها على النجاح و التقدم العلمى /
_cمقداد يالجن
300 _a80 ص
490 _aسلسلة كتاب تربيتنا
_v0
650 0 4 _aالتعليم
650 0 4 _aالاخلاق
650 0 4 _aالطلبة
650 0 4 _aالتربية الاسلامية
942 _2ddc
_cBK
999 _c41630
_d41630